00587cam a22002171 4500001001300000003000400013005001700017008004100034010001700075025001900092035001900111040001700130042001200147050001900159110004900178245001200227260007000239300001900309650002400328999001700352sa 66005266 DLC20260227112248.0781108s1965 ii f000 0 eng  asa 66005266  aPL480:I-E-5896 a(OCoLC)4354910 aDLCcMHdDLC apremarc00aHD9116.I4bA541 aIndia (Republic).bSugar Enquiry Commission.00aReport. a[Delhi,bMinistry of Food and Agriculture, Govt. of India]c1965. a278 p.c23 cm. 0aSugar tradezIndia. c69877d69877